Introducción a la historia del arte / (Record no. 83515)
[ view plain ]
| 000 -LEADER | |
|---|---|
| campo de control de longitud fija | 01638nam a2200361 i 4500 |
| 001 - NÚMERO DE CONTROL | |
| campo de control | 83515 |
| 003 - IDENTIFICADOR DE NÚMERO DE CONTROL | |
| campo de control | ES-MaACL |
| 005 - FECHA Y HORA DE LA ÚLTIMA TRANSACCIÓN | |
| campo de control | 20250812024131.0 |
| 007 - CAMPO FIJO DE DESCRIPCIÓN FÍSICA--INFORMACIÓN GENERAL | |
| campo de control de longitud fija | t| |
| 008 - DATOS DE LONGITUD FIJA--INFORMACIÓN GENERAL | |
| campo de control de longitud fija | 041117s1985 sp ||||1| spa d |
| 020 ## - NÚMERO INTERNACIONAL ESTÁNDAR DEL LIBRO | |
| Número Internacional Estándar del Libro | 84-252-1234-0 |
| 080 ## - NÚMERO DE LA CLASIFICACIÓN DECIMAL UNIVERSAL | |
| Número de la Clasificación Decimal Universal | 7(091) |
| 245 00 - MENCIÓN DEL TÍTULO | |
| Título | Introducción a la historia del arte / |
| Mención de responsabilidad, etc. | Universidad de Cambridge ; versión castellana de Lluís Urpinell i Jovani y María del Mar Moya i Tasis ; revisión general y ampliaciones por Pilar Vélez. |
| 260 ## - PUBLICACIÓN, DISTRIBUCIÓN, ETC. | |
| Lugar de publicación, distribución, etc. | Barcelona : |
| Nombre del editor, distribuidor, etc. | Gustavo Gili : |
| -- | Círculo de Lectores, |
| Fecha de publicación, distribución, etc. | [1985] |
| 300 ## - DESCRIPCIÓN FÍSICA | |
| Extensión | 8 v. : |
| Otras características físicas | il. ; |
| Dimensiones | 24 cm. |
| 504 ## - NOTA DE BIBLIOGRAFÍA, ETC. | |
| Nota de bibliografía, etc. | Bibliografía. |
| 505 8# - NOTA DE CONTENIDO CON FORMATO | |
| Nota de contenido con formato | Contiene: 1. Grecia y Roma / Susan Woodford -- 2. La Edad Media / Anne Shaver-Crandell -- 3. El Renacimiento / Rosa María Letts -- 4. El siglo XVII / Madeleine y Rowland Mainstone -- 5. El siglo XVIII / Stephen Richard Jones -- 6. El siglo XIX / Donald Martin Reynolds -- 7. El siglo XX / Rosemary Lambert -- 8. Cómo mirar un cuadro / Susan Wodford |
| 650 #4 - PUNTO DE ACCESO ADICIONAL DE MATERIA--TÉRMINO DE MATERIA | |
| Término de materia o nombre geográfico como elemento de entrada | Arte- |
| Subdivisión de forma | Historia |
| 9 (RLIN) | 10107 |
| 700 1# - ENTRADA AGREGADA--NOMBRE PERSONAL | |
| Nombre de persona | Urpinell i Jovani, Lluís. |
| 9 (RLIN) | 112199 |
| 700 1# - ENTRADA AGREGADA--NOMBRE PERSONAL | |
| Nombre de persona | Moya i Tasis, María del Mar. |
| 9 (RLIN) | 83972 |
| 700 1# - ENTRADA AGREGADA--NOMBRE PERSONAL | |
| Nombre de persona | Vélez, Pilar. |
| 9 (RLIN) | 113827 |
| 700 1# - ENTRADA AGREGADA--NOMBRE PERSONAL | |
| Nombre de persona | Woodford, Susan. |
| 9 (RLIN) | 117326 |
| 700 1# - ENTRADA AGREGADA--NOMBRE PERSONAL | |
| Nombre de persona | Shaver-Crandell, Anne. |
| 9 (RLIN) | 106022 |
| 700 1# - ENTRADA AGREGADA--NOMBRE PERSONAL | |
| Nombre de persona | Letts, Rosa María. |
| 9 (RLIN) | 71892 |
| 700 1# - ENTRADA AGREGADA--NOMBRE PERSONAL | |
| Nombre de persona | Mainstone, Madeleine. |
| 9 (RLIN) | 75602 |
| 700 1# - ENTRADA AGREGADA--NOMBRE PERSONAL | |
| Nombre de persona | Mainstone, Rowland. |
| 9 (RLIN) | 75603 |
| 700 1# - ENTRADA AGREGADA--NOMBRE PERSONAL | |
| Nombre de persona | Jones, Stephen Richard. |
| 9 (RLIN) | 66868 |
| 700 1# - ENTRADA AGREGADA--NOMBRE PERSONAL | |
| Nombre de persona | Reynolds, Donald Martin. |
| 9 (RLIN) | 96629 |
| 700 1# - ENTRADA AGREGADA--NOMBRE PERSONAL | |
| Nombre de persona | Lambert, Rosemary. |
| 9 (RLIN) | 69820 |
| 710 2# - ENTRADA AGREGADA--NOMBRE DE ENTIDAD CORPORATIVA | |
| Nombre de entidad corporativa o nombre de jurisdicción como elemento de entrada | University of Cambridge. |
| 9 (RLIN) | 7505 |
| 852 ## - LOCALIZACIÓN | |
| Ubicación | ES-MaACL |
| Número de control de estantería | L-10456-63 |
| Estatus retirado | Estado de pérdida | Estado de daño | No para préstamo | Biblioteca de origen | Biblioteca actual | Ubicación en estantería | Fecha de adquisición | Fuente de adquisición | Total de préstamos | Signatura topográfica completa | Código de barras | Visto por última vez | Precio de reemplazo | Tipo de ítem Koha |
|---|---|---|---|---|---|---|---|---|---|---|---|---|---|---|
| Biblioteca del Ateneo de Madrid | Biblioteca del Ateneo de Madrid | Depósito 2 | 17/01/2008 | L-10456-63 | 1087289 | 23/02/2023 | 23/02/2023 | Libro impreso |
